The environmental control in Japan

שמור ב:
מידע ביבליוגרפי
פורמט: ספר
שפה:Undetermined
יצא לאור: Japan External Trade Org 1976
נושאים:
תגים: הוספת תג
אין תגיות, היה/י הראשונ/ה לתייג את הרשומה!
Thư viện lưu trữ: Trung tâm Học liệu Trường Đại học Cần Thơ
LEADER 00423nam a2200157Ia 4500
001 CTU_95826
008 210402s9999 xx 000 0 und d
082 |a 363.7 
082 |b E61/1976 
245 4 |a The environmental control in Japan 
260 |a Japan 
260 |b External Trade Org 
260 |c 1976 
650 |a Environmental policy 
904 |i Tuyến 
980 |a Trung tâm Học liệu Trường Đại học Cần Thơ